00963cam a2200229 a 450000100100000000500170001000800410002704000280006808200170009610000630011324501080017626000370028430000210032149000400034260000390038265000550042165100410047683000470051791000340056495201200059899900150071800000728820200929154124.0911018s1939 ag 000 0 spa  aDO-SdBNPcNRUdNRUdDLC a923.1bB641k1 aBlanco Víllalta, Jorge G.q(Jorge Gaston),d1909-92023210aKemal Ataturk :bel dictador democratico, constructor de la nueva Turquía /cJ. G. Blanco Víllalta. aBuenos Aires :bClaridad,c1939. a516 p. ;c20 cm.1 aBiblioteca de Obras Famosas,vv. 3210aAtaturk, Kemal,d1881-1938.920233 4aTurquíaxPolítica y gobiernoy1923-1938920234 4aTurquíaxHistoriaySIGLO XX920235 0aBiblioteca de Obras Famosas,vv. 32920236 aCatalogación por copia / LC 001052708MOaGRbGRcCTd2009-09-07iLF1l0o923.1 B641kp7288-10r2020-06-25w2020-06-25y2ZPréstamo interno c7069d7069